000 00354 a2200157 4500
001 60551
020 _a8585653051
040 _cAnchieta - Pituba
100 _aAquino, Zélia Thomaz de
240 1 0 _aAntologia de antologias
_lpor
245 1 0 _aAntologia de antologias
300 _a538
362 0 _a1995
650 4 _aPoesia brasileira
942 _cBK
999 _c60551
_d60551